PHYSIOLOGY PREP MANUAL FOR UNDERGRADUATE (Record no. 18771)
[ view plain ]
| 000 -LEADER | |
|---|---|
| fixed length control field | 00367nam a22001577a 4500 |
| 003 - CONTROL NUMBER IDENTIFIER | |
| control field | SGT |
| 020 ## - INTERNATIONAL STANDARD BOOK NUMBER | |
| International Standard Book Number | 978-81-312-5297-0 |
| 082 ## - DEWEY DECIMAL CLASSIFICATION NUMBER | |
| Classification number | 612 |
| Item number | P18J |
| 100 ## - MAIN ENTRY--PERSONAL NAME | |
| Personal name | JOSHI, VIJAYA |
| 245 ## - TITLE STATEMENT | |
| Title | PHYSIOLOGY PREP MANUAL FOR UNDERGRADUATE |
| 250 ## - EDITION STATEMENT | |
| Edition statement | 6TH |
| 260 ## - PUBLICATION, DISTRIBUTION, ETC. (IMPRINT) | |
| Place of publication, distribution, etc | INDIA |
| Name of publisher, distributor, etc | ELSEVIER PUB |
| Year of Publication | 2018 |
| 300 ## - PAGE DESCRIPTION | |
| No. of Pages | 502 |
| 650 ## - SUBJECT ADDED ENTRY--TOPICAL TERM | |
| Topical term or geographic name as entry element | HUMAN PHYSIOLOGY |
| 942 ## - ADDED ENTRY ELEMENTS (KOHA) | |
| Source of classification or shelving scheme | Dewey Decimal Classification |
| Koha item type | Books |
| 942 ## - ADDED ENTRY ELEMENTS (KOHA) | |
| -- | 125 |
| Withdrawn status | Lost status | Source of classification or shelving scheme | Damaged status | Not for loan | Collection code | Home library | Current library | Shelving location | Date acquired | Vendor Name | Cost, normal purchase price | SGTU | Bill Number | Total Checkouts | Full call number | Accession No. (Barcode) | Date last seen | Date last borrowed | Bill Date | Koha item type | Total Renewals |
|---|---|---|---|---|---|---|---|---|---|---|---|---|---|---|---|---|---|---|---|---|---|
| Dewey Decimal Classification | MEDICAL | SGT Medical Library | SGT Medical Library | Text Book | 05/08/2019 | ABC DELHI | 685.00 | SGTU | 11141 | 37 | 612 P18J | FM11776 | 21/11/2025 | 08/11/2025 | 03/07/2019 | Books | |||||
| Dewey Decimal Classification | MEDICAL | SGT Medical Library | SGT Medical Library | Text Book | 05/08/2019 | ABC DELHI | 685.00 | SGTU | 11141 | 35 | 612 P18J | FM11777 | 28/11/2025 | 27/11/2025 | 03/07/2019 | Books | 1 | ||||
| Dewey Decimal Classification | MEDICAL | SGT Medical Library | SGT Medical Library | Text Book | 05/08/2019 | ABC DELHI | 685.00 | SGTU | 11141 | 37 | 612 P18J | FM11778 | 01/12/2025 | 27/11/2025 | 03/07/2019 | Books | |||||
| Dewey Decimal Classification | MEDICAL | SGT Medical Library | SGT Medical Library | Text Book | 05/08/2019 | ABC DELHI | 685.00 | SGTU | 11141 | 25 | 612 P18J | FM11779 | 15/12/2025 | 20/11/2025 | 03/07/2019 | Books | |||||
| Dewey Decimal Classification | MEDICAL | SGT Medical Library | SGT Medical Library | Text Book | 05/08/2019 | ABC DELHI | 685.00 | SGTU | 11141 | 43 | 612 P18J | FM11780 | 27/01/2025 | 27/01/2025 | 03/07/2019 | Books | 1 |